Machine tool design Handbook (Record no. 60712)

000 -LEADER
fixed length control field 00680nam a22001937a 4500
003 - CONTROL NUMBER IDENTIFIER
control field NUST-PNEC
005 - DATE AND TIME OF LATEST TRANSACTION
control field 20170116180705.0
008 - FIXED-LENGTH DATA ELEMENTS--GENERAL INFORMATION
fixed length control field 140922b xxu||||| |||| 00| 0 eng d
020 ## - INTERNATIONAL STANDARD BOOK NUMBER
International Standard Book Number 0074515640
040 ## - CATALOGING SOURCE
Transcribing agency PNEC
082 ## - DEWEY DECIMAL CLASSIFICATION NUMBER
Classification number 621.903 RAM
100 ## - MAIN ENTRY--PERSONAL NAME
9 (RLIN) 336
Personal name Ramchandran, Dr. A
245 ## - TITLE STATEMENT
Title Machine tool design Handbook
Statement of responsibility, etc. Dr. A Ramchandran
260 ## - PUBLICATION, DISTRIBUTION, ETC.
Place of publication, distribution, etc. New Delhi
Name of publisher, distributor, etc. Tata McGraw-Hill Publishing Company Limited
Date of publication, distribution, etc. c.2003
300 ## - PHYSICAL DESCRIPTION
Extent xx, 955 p.:
Other physical details ill. :
Dimensions 22 cm.
500 ## - GENERAL NOTE
General note Includes Index http://www.amazon.com/Machine-Design-Handbook-Central-Institute/dp/0074515640/ref=sr_1_1?s=books&ie=UTF8&qid=1411370322&sr=1-1&keywords=0074515640
650 ## - SUBJECT ADDED ENTRY--TOPICAL TERM
General subdivision ME
942 ## - ADDED ENTRY ELEMENTS (KOHA)
Source of classification or shelving scheme
Koha item type Book
Holdings
Withdrawn status Lost status Source of classification or shelving scheme Damaged status Not for loan Permanent Location Current Location Shelving location Date acquired Source of acquisition Cost, normal purchase price Total Checkouts Full call number Barcode Date last seen Cost, replacement price Price effective from Koha item type
          Pakistan Navy Engineering College (PNEC) Pakistan Navy Engineering College (PNEC) Reference 07/19/2005 Standard Books 1695.00   621.903 RAM PNECLIB-027489 09/22/2014 1695.00 07/19/2005 Book
© 2023 Central Library, National University of Sciences and Technology. All Rights Reserved.